Statistics for Hack the Quiz #15

Click here to take the quiz!

General Stats

  • This quiz has been taken 97 times
  • The average score is 27 of 32

Answer Stats

CipherWord% Correct
291993?
94%
20is
92%
05country
91%
15and
91%
19Ethiopia
91%
47Monte
91%
53between
91%
58casino?
91%
83separated
91%
09country
90%
54Juan?
90%
63What
90%
08What
88%
24is
88%
26houses
88%
97capital
88%
59the
87%
69What
87%
44American
86%
06from
85%
79Which
85%
80Estonia
85%
55in
84%
64country
84%
66San
83%
22Carlo
81%
71territory's
81%
70Lithuania?
79%
Latvia
71%
Puerto Rico
64%
Eritrea
58%
Monaco
57%

Score Distribution

Percentile by Number Answered

Percent of People with Each Score

Your Score History

You have not taken this quiz